Los nocturnos del acaso / (Registro nro. 32383)
[ vista simple ]
| 000 -CABECERA | |
|---|---|
| campo de control de longitud fija | 00419nam a2200145 a 4500 |
| 001 - NÚMERO DE CONTROL | |
| campo de control | 000032892 |
| 005 - FECHA Y HORA DE LA ÚLTIMA TRANSACCIÓN | |
| campo de control | 20200930065909.0 |
| 008 - DATOS DE LONGITUD FIJA--INFORMACIÓN GENERAL | |
| campo de control de longitud fija | 110801m19321935dr 000 0 spa d |
| 040 ## - FUENTE DE LA CATALOGACIÓN | |
| Centro catalogador/agencia de origen | DO-SdBNP |
| Lengua de catalogación | spa |
| Centro/agencia transcriptor | BNPHU |
| 082 ## - NÚMERO DE LA CLASIFICACIÓN DECIMAL DEWEY | |
| Número de clasificación | xxx |
| Número de documento/Ítem | H632n |
| 100 1# - ENTRADA PRINCIPAL--NOMBRE DE PERSONA | |
| Nombre de persona | Hidalgo, Gladio |
| 9 (RLIN) | 58661 |
| 245 14 - MENCIÓN DE TÍTULO | |
| Título | Los nocturnos del acaso / |
| Mención de responsabilidad, etc. | Gladio Hidalgo. |
| 260 ## - PUBLICACIÓN, DISTRIBUCIÓN, ETC. | |
| Lugar de publicación, distribución, etc. | Santo Domingo : |
| Nombre del editor, distribuidor, etc. | Imprenta Femina, |
| Fecha de publicación, distribución, etc. | 1932- |
| -- | 1935. |
| 300 ## - DESCRIPCIÓN FÍSICA | |
| Extensión | [42 p.] ; |
| Dimensiones | 18 cm. |
| Estado de retiro | Estado de pérdida | Restricciones de uso | No para préstamo | Código de colección | Localización permanente | Ubicación/localización actual | Ubicación en estantería | Fecha de adquisición | Número de inventario | Total de préstamos | Signatura topográfica completa | Código de barras | Fecha visto por última vez | Precio válido a partir de | Tipo de ítem Koha | Nota pública | Número de copia |
|---|---|---|---|---|---|---|---|---|---|---|---|---|---|---|---|---|---|
| Excluido de préstamo | Raros y valiosos | Patrimonio Dominicano | Patrimonio Dominicano | En catalogación | 01.08.2011 | LF1 | xxx H632n | 32892-10 | 25.06.2020 | 25.06.2020 | No se presta | Perteneció a la biblioteca personal de Julio Ortega Frier | |||||
| Excluido de préstamo | Raros y valiosos | Patrimonio Dominicano | Patrimonio Dominicano | En catalogación | 01.08.2011 | LF1 | xxx H632n | 32892-20 | 25.06.2020 | 25.06.2020 | No se presta | Perteneció a la biblioteca personal de Martínez Boog | e. 2 |
